<?xml version="1.0" encoding="UTF-8"?>
<record
    xmlns:xsi="http://www.w3.org/2001/XMLSchema-instance"
    xsi:schemaLocation="http://www.loc.gov/MARC21/slim http://www.loc.gov/standards/marcxml/schema/MARC21slim.xsd"
    xmlns="http://www.loc.gov/MARC21/slim">

  <leader>05668nab a22010697  4500</leader>
  <controlfield tag="003">AR-RoUNA</controlfield>
  <datafield tag="022" ind1=" " ind2=" ">
    <subfield code="a">0327-9022</subfield>
  </datafield>
  <datafield tag="040" ind1=" " ind2=" ">
    <subfield code="a">AR-RoUNA</subfield>
    <subfield code="b">spa</subfield>
  </datafield>
  <datafield tag="041" ind1=" " ind2=" ">
    <subfield code="a">spa</subfield>
  </datafield>
  <datafield tag="044" ind1=" " ind2=" ">
    <subfield code="a">ag</subfield>
  </datafield>
  <datafield tag="245" ind1=" " ind2=" ">
    <subfield code="a">Summa+</subfield>
  </datafield>
  <datafield tag="260" ind1=" " ind2=" ">
    <subfield code="a">Buenos Aires (Argentina):</subfield>
    <subfield code="c">Donn SA,</subfield>
    <subfield code="b">1993.</subfield>
  </datafield>
  <datafield tag="300" ind1=" " ind2=" ">
    <subfield code="a">208 p. :</subfield>
    <subfield code="b">il. byn.</subfield>
    <subfield code="b">planos</subfield>
    <subfield code="c">34X25 cm.</subfield>
  </datafield>
  <datafield tag="505" ind1="0" ind2=" ">
    <subfield code="t">INDICE</subfield>
  </datafield>
  <datafield tag="505" ind1="0" ind2=" ">
    <subfield code="t">EDICION ESPECIAL CASAS / ARQUITECTURA</subfield>
  </datafield>
  <datafield tag="505" ind1="0" ind2=" ">
    <subfield code="t">AUSTRALIA / BRASIL / CHILE / CHINA / ESTADOS UNIDOS / URUGUAY / ARGENTINA</subfield>
  </datafield>
  <datafield tag="505" ind1="0" ind2=" ">
    <subfield code="t">ESCULPIENDO EL G&#xC1;LIBO / CASAS / CALIFORNIA</subfield>
  </datafield>
  <datafield tag="505" ind1="0" ind2=" ">
    <subfield code="a">Johnston Marklee &amp; Associates / Casa Hill, California, Estados Unidos, 2004. p. 74</subfield>
  </datafield>
  <datafield tag="505" ind1="0" ind2=" ">
    <subfield code="a">Johnston Marklee &amp; Associates / Casa Sale, California, Estados Unidos, 2004. p. 80</subfield>
  </datafield>
  <datafield tag="505" ind1="0" ind2=" ">
    <subfield code="a">Roberto Segre / Un Brasil oculto: La raz&#xF3;n minimalista. p. 84</subfield>
  </datafield>
  <datafield tag="505" ind1="0" ind2=" ">
    <subfield code="a">Gustavo Penna / Casa en Belvedere, Minas Gerais, Brasil, 2003. p. 86</subfield>
  </datafield>
  <datafield tag="505" ind1="0" ind2=" ">
    <subfield code="a">Gustavo Penna / Casa Reginaldo Peron, Minas Gerais, Brasil, 2003. p. 90</subfield>
  </datafield>
  <datafield tag="505" ind1="0" ind2=" ">
    <subfield code="t">CAJAS TRASANDINAS</subfield>
  </datafield>
  <datafield tag="505" ind1="0" ind2=" ">
    <subfield code="a">Felipe Assadi Figueroa / Casa Schmitz, Calera de Tango, Santiago, Chile, 2002. p. 94</subfield>
  </datafield>
  <datafield tag="505" ind1="0" ind2=" ">
    <subfield code="a">Felipe Assadi Figueroa / Casa Raveau, Camino a Farellones, Santiago, Chile, 2003. p. 100</subfield>
  </datafield>
  <datafield tag="505" ind1="0" ind2=" ">
    <subfield code="t">DESPUES DE LA CABA&#xD1;A PRIMITIVA</subfield>
  </datafield>
  <datafield tag="505" ind1="0" ind2=" ">
    <subfield code="a">Nicholas Murcutt / Casa Collopy, Pindimar, New South Wales, Australia, 2001. p. 104</subfield>
  </datafield>
  <datafield tag="505" ind1="0" ind2=" ">
    <subfield code="a">Nicholas Murcutt / Casa Cubo, Tanja, New South Wales, Australia, 2004. p. 110</subfield>
  </datafield>
  <datafield tag="505" ind1="0" ind2=" ">
    <subfield code="t">REFUGIO ESTE&#xD1;O</subfield>
  </datafield>
  <datafield tag="505" ind1="0" ind2=" ">
    <subfield code="a">Irene Joselevich, Hern&#xE1;n Treibel / Casa C&#xF3;rdoba, Cerro Pelado, Punta del Este, Uruguay, 2002. p.114</subfield>
  </datafield>
  <datafield tag="505" ind1="0" ind2=" ">
    <subfield code="a">Cesar Naselli / Una roca en el monte. p.118</subfield>
  </datafield>
  <datafield tag="505" ind1="0" ind2=" ">
    <subfield code="a">Mariela Marchisio y  Cristi&#xE1;n Nanzer / Casa en Capilla del Monte, C&#xF3;rdoba, Argentina, 2002. p. 118</subfield>
  </datafield>
  <datafield tag="505" ind1="0" ind2=" ">
    <subfield code="t">ENSAYOS</subfield>
  </datafield>
  <datafield tag="505" ind1="0" ind2=" ">
    <subfield code="a">Helio Pi&#xF1;&#xF3;n / Forma e Identidad. p. 128</subfield>
  </datafield>
  <datafield tag="505" ind1="0" ind2=" ">
    <subfield code="t">TRI&#xC1;NGULO M&#xCD;NIMO - CASAS SUBURBANAS</subfield>
  </datafield>
  <datafield tag="505" ind1="0" ind2=" ">
    <subfield code="a">Jorge O. Moscato, Rolando H. Schere, Joaqu&#xED;n Moscato y Ramiro Schere / Casa Nona, San Fernando, Buenos Aires, 2001. p. 136</subfield>
  </datafield>
  <datafield tag="505" ind1="0" ind2=" ">
    <subfield code="t">ESTRATIFICACION PROGRAMATICA - CASAS SUBURBANAS</subfield>
  </datafield>
  <datafield tag="505" ind1="0" ind2=" ">
    <subfield code="a">RTN Architects, Javier Rivarola, Gustavo Trosman / Casa Galindo, Mart&#xED;nez, Buenos Aires, 2003. p. 140</subfield>
  </datafield>
  <datafield tag="505" ind1="0" ind2=" ">
    <subfield code="t">MEDIOS NIVELES - CASAS SUBURBANAS</subfield>
  </datafield>
  <datafield tag="505" ind1="0" ind2=" ">
    <subfield code="a">Cristian O&#xB4;Connor, Mariano Clusellas / Casa en la Horqueta, San Isidro, Buenos Aires, 2004. p. 146</subfield>
  </datafield>
  <datafield tag="505" ind1="0" ind2=" ">
    <subfield code="t">CASA REVISITADA</subfield>
  </datafield>
  <datafield tag="505" ind1="0" ind2=" ">
    <subfield code="a">Cayetana Merc&#xE9; / Casa revestida. En torno a la casa y la pr&#xE1;ctica profesional. p. 152</subfield>
  </datafield>
  <datafield tag="505" ind1="0" ind2=" ">
    <subfield code="t">VARIANTES LADRILLERAS - LADRILLO VISTO</subfield>
  </datafield>
  <datafield tag="505" ind1="0" ind2=" ">
    <subfield code="a">Daniel Becker y Claudio Ferrari / Casa en Ituzaing&#xF3;, Ituzaing&#xF3;, Buenos Aires, 2004. p. 158</subfield>
  </datafield>
  <datafield tag="505" ind1="0" ind2=" ">
    <subfield code="t">VECINAS DE HORIZONTE - LADRILLO VISTO</subfield>
  </datafield>
  <datafield tag="505" ind1="0" ind2=" ">
    <subfield code="a">Alejandro Beltramone, Marcelo Ponzellini / Casa Unidad 51, Funes, Santa Fe, Argentina, 2003. p. 164</subfield>
  </datafield>
  <datafield tag="505" ind1="0" ind2=" ">
    <subfield code="a">Alejandro Beltramone, Marcelo Ponzellini / Casa Unidad 52, Funes, Santa Fe, Argentina, 2004. p. 168</subfield>
  </datafield>
  <datafield tag="505" ind1="0" ind2=" ">
    <subfield code="t">PRISMAS DE LADRILLO - LADRILLO VISTO</subfield>
  </datafield>
  <datafield tag="505" ind1="0" ind2=" ">
    <subfield code="a">Daniel Szuldman y Mario Zambonini / Casa en Club de Campo Hacoaj, Buenos Aires, Argentina, 2003. p. 174</subfield>
  </datafield>
  <datafield tag="505" ind1="0" ind2=" ">
    <subfield code="t">CASAS FRENTE A LA GRAN MURALLA</subfield>
  </datafield>
  <datafield tag="505" ind1="0" ind2=" ">
    <subfield code="a">M&#xF3;nica Zgaib / Proyectos Ilusionantes. Casas experimentales de Soho China. p.180</subfield>
  </datafield>
  <datafield tag="505" ind1="0" ind2=" ">
    <subfield code="a">M&#xF3;nica Zgaib / Entrevista a Antonio Ochoa. p. 181</subfield>
  </datafield>
  <datafield tag="505" ind1="0" ind2=" ">
    <subfield code="a">Casa 2: Shingeru Ban (Jap&#xF3;n) Furniture House. p. 181</subfield>
  </datafield>
  <datafield tag="505" ind1="0" ind2=" ">
    <subfield code="a">Casa 9: Kay Ngee Tan (Singapur) The Twins. p. 182</subfield>
  </datafield>
  <datafield tag="505" ind1="0" ind2=" ">
    <subfield code="a">Casa 1: Gary Chang (Hong Kong) Suitcase House. p. 183</subfield>
  </datafield>
  <datafield tag="505" ind1="0" ind2=" ">
    <subfield code="a">Casa 4: Rocco Yim (Hong Kong) Distorted Courtyard House. p. 184</subfield>
  </datafield>
  <datafield tag="505" ind1="0" ind2=" ">
    <subfield code="a">Casa 8: Kanika R Kul (Tailandia) The Shared House. p. 185</subfield>
  </datafield>
  <datafield tag="505" ind1="0" ind2=" ">
    <subfield code="a">Casa 5: Chien Hsueh (Taiw&#xE1;n) Airport. p. 186</subfield>
  </datafield>
  <datafield tag="505" ind1="0" ind2=" ">
    <subfield code="a">Casa 7: Kengo Kuma (Jap&#xF3;n) Bamboo Wall. p.187</subfield>
  </datafield>
  <datafield tag="505" ind1="0" ind2=" ">
    <subfield code="a">Casa 11: Yung Ho Chang (China) Split House. p. 188</subfield>
  </datafield>
  <datafield tag="505" ind1="0" ind2=" ">
    <subfield code="a">Casa 10: Nobuaki Furuya (Jap&#xF3;n) Forest House. p. 189</subfield>
  </datafield>
  <datafield tag="505" ind1="0" ind2=" ">
    <subfield code="a">Casa 12: Seung H-Sang (Corea del Sur) - The Clubhouse. p. 190</subfield>
  </datafield>
  <datafield tag="505" ind1="0" ind2=" ">
    <subfield code="a">Casa 6: Antonio Ochoa (China) - Cantilever House. p. 191</subfield>
  </datafield>
  <datafield tag="505" ind1="0" ind2=" ">
    <subfield code="a">Bradley Wheeler / Barrio Met&#xE1;lico. p. 192</subfield>
  </datafield>
  <datafield tag="505" ind1="0" ind2=" ">
    <subfield code="a">Rob Paulus / Viviendas &#xA8;Barrio Met&#xE1;lico&#xA8;, New lofts residenciales, Tucson, Arizona, EE.UU, 2005. p. 192</subfield>
  </datafield>
  <datafield tag="505" ind1="0" ind2=" ">
    <subfield code="t">FRAGMENTOS - DISQUISICIONES</subfield>
  </datafield>
  <datafield tag="505" ind1="0" ind2=" ">
    <subfield code="a">Rafael E.J. Iglesia / &#xBF;Ornamentaci&#xF3;n = Crimen?. p. 198</subfield>
  </datafield>
  <datafield tag="505" ind1="0" ind2=" ">
    <subfield code="t">FRAGMENTOS - TEXTURAS</subfield>
  </datafield>
  <datafield tag="505" ind1="0" ind2=" ">
    <subfield code="a">Roberto Fern&#xE1;ndez / Fetiches Urbanos. p. 200</subfield>
  </datafield>
  <datafield tag="505" ind1="0" ind2=" ">
    <subfield code="a">Reichstag empaquetado por Christo, Berl&#xED;n, 1985. p. 200</subfield>
  </datafield>
  <datafield tag="505" ind1="0" ind2=" ">
    <subfield code="a">Rockefeller Center, Nueva York, 1940. p. 200   </subfield>
  </datafield>
  <datafield tag="505" ind1="0" ind2=" ">
    <subfield code="a"> Edificio para el Hong Kong and Shangai Bank, Norman Foster, Hong Kong, 1986. p. 200</subfield>
  </datafield>
  <datafield tag="505" ind1="0" ind2=" ">
    <subfield code="t">FRGAMENTOS - UNIVERSITARIAS</subfield>
  </datafield>
  <datafield tag="505" ind1="0" ind2=" ">
    <subfield code="a">Viviana Colautti / La instrumentaci&#xF3;n en el proceso de dise&#xF1;o. p. 201</subfield>
  </datafield>
  <datafield tag="505" ind1="0" ind2=" ">
    <subfield code="t">FRAGMENTOS - REVELACIONES</subfield>
  </datafield>
  <datafield tag="505" ind1="0" ind2=" ">
    <subfield code="a">Mario Sabugo / El rayo en Huayna Picchu. p. 206</subfield>
  </datafield>
  <datafield tag="505" ind1="0" ind2=" ">
    <subfield code="t">POST-SCRIPTUM</subfield>
  </datafield>
  <datafield tag="505" ind1="0" ind2=" ">
    <subfield code="a">Alejandro Vaca Bononato / Un arquitecto. p.208</subfield>
  </datafield>
  <datafield tag="600" ind1="1" ind2="0">
    <subfield code="9">27253</subfield>
    <subfield code="a">Zgaib, M&#xF3;nica</subfield>
  </datafield>
  <datafield tag="600" ind1=" " ind2="0">
    <subfield code="a">Beltramone, Alejandro.</subfield>
    <subfield code="d">1966-</subfield>
    <subfield code="9">3863</subfield>
  </datafield>
  <datafield tag="600" ind1=" " ind2="0">
    <subfield code="9">4470</subfield>
    <subfield code="a">Ponzellini, Marcelo</subfield>
  </datafield>
  <datafield tag="600" ind1=" " ind2="0">
    <subfield code="9">7107</subfield>
    <subfield code="a">Kuma, Kengo</subfield>
    <subfield code="d">1954-</subfield>
  </datafield>
  <datafield tag="650" ind1=" " ind2=" ">
    <subfield code="a">Arquitectura contempor&#xE1;nea</subfield>
  </datafield>
  <datafield tag="650" ind1=" " ind2=" ">
    <subfield code="a">Viviendas unifamiliares</subfield>
    <subfield code="9">926</subfield>
  </datafield>
  <datafield tag="650" ind1=" " ind2=" ">
    <subfield code="a">CASAS</subfield>
    <subfield code="9">278</subfield>
  </datafield>
  <datafield tag="651" ind1=" " ind2="0">
    <subfield code="a">Australia</subfield>
    <subfield code="9">4884</subfield>
  </datafield>
  <datafield tag="773" ind1="0" ind2=" ">
    <subfield code="a">Summa+</subfield>
    <subfield code="d">Buenos Aires, Argentina</subfield>
    <subfield code="g">N&#xBA;73 (jun-2005), p.208</subfield>
    <subfield code="x">0327-9022</subfield>
  </datafield>
  <datafield tag="908" ind1=" " ind2=" ">
    <subfield code="a">Imp</subfield>
  </datafield>
  <datafield tag="942" ind1=" " ind2=" ">
    <subfield code="2">udc</subfield>
    <subfield code="c">ART</subfield>
  </datafield>
  <datafield tag="945" ind1=" " ind2=" ">
    <subfield code="d">2022-07-08</subfield>
  </datafield>
  <datafield tag="980" ind1=" " ind2=" ">
    <subfield code="6">138</subfield>
    <subfield code="a">Carolina Rainero</subfield>
    <subfield code="8">5</subfield>
    <subfield code="g">Mar&#xED;a Machado</subfield>
  </datafield>
  <datafield tag="999" ind1=" " ind2=" ">
    <subfield code="c">12026</subfield>
    <subfield code="d">12026</subfield>
  </datafield>
  <datafield tag="952" ind1=" " ind2=" ">
    <subfield code="0">0</subfield>
    <subfield code="1">0</subfield>
    <subfield code="2">udc</subfield>
    <subfield code="4">0</subfield>
    <subfield code="7">0</subfield>
    <subfield code="a">AR-RoUNA</subfield>
    <subfield code="b">AR-RoUNA</subfield>
    <subfield code="c">Heme</subfield>
    <subfield code="d">2025-06-12</subfield>
    <subfield code="e">Don</subfield>
    <subfield code="l">1</subfield>
    <subfield code="p">1002691</subfield>
    <subfield code="r">2025-12-15</subfield>
    <subfield code="s">2025-10-29</subfield>
    <subfield code="t">ej. 1</subfield>
    <subfield code="w">2025-06-12</subfield>
    <subfield code="y">ART</subfield>
    <subfield code="k">K6</subfield>
    <subfield code="x"></subfield>
  </datafield>
</record>
